Hamburgerimdeki Ülke Şekilleri - Statistics

General Stats
  • This quiz has been taken 1 208 times
  • The average score is 7 of 18
Answers on the Map
Answers color-coded by a green-red scale on the quiz's map according to % correct below.
 
Answer Stats
Ülke % Correct
Hindistan
89%
Kıbrıs
83%
Sri Lanka
62%
Bosna-Hersek
54%
Avusturya
52%
Portekiz
51%
Moğolistan
44%
Tayvan
44%
Tunus
42%
Nepal
40%
Slovakya
36%
İsrail
27%
Nikaragua
24%
Doğu Timor
12%
Togo
11%
Fiji
9%
Belize
8%
Yeşil Burun Adaları
2%
No matching quizzes found
Score Distribution
Percent of People with Each Score
Percentile by Number Answered
Your Score History
You have not taken this quiz